Statystyki dla Państwa graniczące z Włochami

Kliknij tutaj aby rozwiązać quiz!

Ogólne statystyki

  • Ten quiz został rozwiązany 137 razy
  • Średni wynik to 6 z 7

Statystyki odpowiedzi

HintOdpowiedź% Poprawnych
543 940 km²Francja
99%
44 haWatykan
95%
83 871 km²Austria
93%
41 285 km²Szwajcaria
93%
61,2 km²San Marino
92%
20 273 km²Słowenia
83%
202 haMonako
68%

Rozkład punktacji

Percentyl według liczby udzielonych odpowiedzi

Procent ludzi z każdym wynikiem

Twoja historia wyników

Nie rozwiązałeś tego quizu